000 01105nam0a22002651 4500
001 rc\3733279
005 20260406091844.0
021 _aRU
_bРг13588-73
035 _a(NLR Aleph) 007780405
090 _a7563136
_c7563136
100 _a20130115d1973 |||y0rusy50 ca
101 0 _arus
102 _aRU
105 _aa z |||||
200 1 _aСоветское искусство 1917-1940
_e[Альбом]
_f[Сост. и авт. вступ. статьи В.Г. Азаркович]
210 _aМосква
_cИзобразит. искусство
_d1973
215 _a5 с., 43 стб., 43 с. ил. на [11] отд. л. в обл.-папке
_d26
225 1 _aСтраницы истории искусств
532 1 1 _aСоветское искусство тысяча девятьсот семнадцатого -1940
702 1 _4220
_4080
_7ca
_8rus
_aАзаркович
_bВ. Г.
_f1936-
_gВалентина Григорьевна
_92671601
_3RU\NLR\AUTH\770282467
801 0 _aRU
_bNLR
_gpsbo
801 1 _aRU
_bELAR
_2rusmarc
852 _aNLR
_jЭ АлИс495/2-65
942 _cBOOK
980 _aNB